[Event "VII Famalicao Open 2019"]
[Site "Famalicao"]
[Date "2019.07.29"]
[Round "3.11"]
[White "Gama, Joao Paulo Antunes D"]
[Black "Pinheiro, Albano"]
[Result "1/2-1/2"]
[WhiteElo "1819"]
[BlackElo "1989"]
[Annotator "NA RC"]
[PlyCount "76"]
[EventDate "2019.07.28"]
[EventType "swiss"]
[EventCountry "POR"]
[SourceTitle "playchess.com"]
[Source "ChessBase"]
[SourceQuality "1"]
[TimeControl "5400+30"]

{[%evp 8,63,32,17,16,15,45,27,32767,32767,32767,32767,32767,32767,32767,32767,55,6,16,32767,32767,32767,109,89,100,91,100,95,93,30,12,9,62,6,51,0,0,0,0,0,0,0,0,0,0,0,0,32767,32767,32767,32767,32767,0,0,0,0,0,0]} 1. e4 {[%emt 0:00:00]} c5 {[%emt 0:00:20]} 2. Nf3 {[%emt 0:00:00]} Nc6 {[%emt 0:00:24]} 3. Bb5 {[%emt 0:00:03]} g6 {[%emt 0:00:07]} 4. O-O {[%emt 0:00:16]} Bg7 {[%emt 0:00:05]} 5. Re1 {[%emt 0:00:13]} e5 {[%emt 0:00:06]} 6. Bxc6 {[%emt 0:00:37]} bxc6 {[%emt 0:00:08]} 7. c3 {[%emt 0:00:25]} Ne7 {[%emt 0:02:29]} 8. d4 {[%emt 0:01:34]} cxd4 {[%emt 0:00:08]} 9. cxd4 {[%emt 0:00:05]} exd4 {[%emt 0:01:27]} 10. Nxd4 {[%emt 0:00:16]} O-O {[%emt 0:08:01]} 11. Nc3 {[%emt 0:01:43]} Bb7 {[%emt 0:17:13] B31: Sicilian: 2...Nc6 3 Bb5 g6} (11... Rb8 12. Nb3 d5 13. Bg5 d4 14. Na4 h6 15. Bh4 Be6 16. Nac5 Bxb3 17. axb3 Rb5 18. Nd3 a5 19. Qc2 Re8 20. Bxe7 Rxe7 {1-0 (50) Maghsoodloo,P (2688)-Zvjaginsev,V (2642) St Petersburg 2018}) 12. e5 {[%emt 0:05:02]} Re8 {[%emt 0:05:56]} 13. Bg5 {[%emt 0:03:56]} h6 $146 {[%emt 0:13:12]} ({Predecessor:} 13... d5 14. Na4 Qc7 15. Bf6 c5 16. Rc1 c4 17. Bxg7 Kxg7 18. Nb5 Qc6 19. Nd6 {1-0 (27) Kunal,M (2309)-Sheth,P (1640) Noida 2016}) 14. Bf6 {[%emt 0:09:16]} Bxf6 {[%emt 0:01:44]} 15. exf6 {[%emt 0:00:11]} Nd5 {[%emt 0:02:09]} 16. Rxe8+ {[%emt 0:04:20]} Qxe8 {[%emt 0:00:03]} 17. Nxd5 {[%emt 0:00:08]} cxd5 {[%emt 0:00:02]} 18. Qf3 {[%emt 0:06:37]} ({White should play} 18. Qb3 $16 Qb8 19. Re1) 18... Qe5 {[%emt 0:04:10]} 19. Rd1 {[%emt 0:02:34]} Rc8 {[%emt 0:05:33]} 20. h3 {[%emt 0:00:16]} Rc4 {[%emt 0:02:34]} 21. Qb3 {[%emt 0:04:43]} ({White should try} 21. Qe3 $1 $14 Qxf6 22. b3) 21... Rxd4 {[%emt 0:08:00]} 22. Rxd4 {[%emt 0:00:06]} Qxd4 {[%emt 0:00:07]} 23. Qxb7 {[%emt 0:00:11]} Qxf6 {[%emt 0:00:48]} 24. Qxd5 {[%emt 0:00:28]} Qxb2 {[%emt 0:01:20]} 25. Qa8+ {[%emt 0:08:30]} Kg7 {[%emt 0:00:06]} 26. Qxa7 {[%emt 0:00:04]} d5 {[%emt 0:00:11]} 27. Qa5 {[%emt 0:05:05]} Qc1+ {[%emt 0:03:47]} 28. Kh2 {[%emt 0:00:23]} Qf4+ {[%emt 0:00:07]} 29. Kg1 {[%emt 0:00:32]} Qc4 {[%emt 0:02:22]} 30. a4 {[%emt 0:00:40]} d4 {[%emt 0:01:10]} 31. Qe5+ {[%emt 0:00:39]} Kh7 $11 {[%emt 0:00:07]} 32. Qf4 {[%emt 0:01:51]} Qd5 {[%emt 0:04:03]} 33. Qd2 {[%emt 0:03:49]} d3 {[%emt 0:08:59]} 34. f3 {[%emt 0:02:09]} Qd4+ {[%emt 0:03:17]} 35. Kf1 {[%emt 0:00:37]} Qa1+ {[%emt 0:01:51]} 36. Kf2 {[%emt 0:00:45]} Qd4+ {[%emt 0:00:44]} 37. Kf1 {[%emt 0:00:11]} Qa1+ {[%emt 0:02:01]} 38. Kf2 {[%emt 0:00:07]} Qd4+ {[%emt 0:00:05]} 1/2-1/2

[Event "VII Famalicao Open 2019"]
[Site "Famalicao"]
[Date "2019.07.29"]
[Round "3.12"]
[White "Sarabando, Rodrigo Andias"]
[Black "Silva, Mariana Sofia T."]
[Result "0-1"]
[WhiteElo "1363"]
[BlackElo "1872"]
[Annotator "NA RC"]
[PlyCount "58"]
[EventDate "2019.07.28"]
[EventType "swiss"]
[EventCountry "POR"]
[SourceTitle "playchess.com"]
[Source "ChessBase"]
[SourceQuality "1"]
[TimeControl "5400+30"]

{[%evp 22,48,-13,-71,-62,-43,-75,-47,32767,32767,32767,32767,32767,-76,-83,-123,-137,-135,-133,-225,-243,-339,-344,-351,-210,-204,-204,-244,-260]} 1. d4 {[%emt 0:00:00]} Nf6 {[%emt 0:05:02]} 2. c4 {[%emt 0:00:04]} c5 {[%emt 0:00:07]} 3. d5 {[%emt 0:00:44]} b5 {[%emt 0:00:08]} 4. cxb5 {[%emt 0:00:36]} a6 {[%emt 0:00:11]} 5. bxa6 {[%emt 0:00:05]} d6 {[%emt 0:01:16]} 6. g3 {[%emt 0:01:53]} Bxa6 {[%emt 0:01:18]} 7. Bg2 {[%emt 0:00:41]} g6 {[%emt 0:00:41]} 8. e4 {[%emt 0:01:20] A58: Benko/Volga Gambit: Lines with 5 bxa6} (8. Nf3 Bg7 9. O-O Nbd7 10. Nc3 Nb6 11. Rb1 Bc4 12. Ne1 Nfd7 13. a3 O-O 14. Bd2 Nf6 15. Bc1 Nfd7 16. Bd2 Nf6 17. b3 Bxd5 18. Nxd5 Nfxd5 19. a4 {1-0 (59) Inarkiev,E (2674)-Khalifman,A (2638) Aix les Bains 2011}) 8... Nbd7 {[%emt 0:00:34]} 9. Ne2 {[%emt 0:00:13]} Ne5 {[%emt 0:03:14]} 10. O-O {[%emt 0:02:03]} Nd3 {[%emt 0:03:20]} 11. Qc2 $146 {[%emt 0:01:56]} ({Predecessor:} 11. Nbc3 Nxc1 12. Qxc1 Bg7 13. Re1 O-O 14. f4 Nd7 15. Bf1 Qb6 {½-½ (67) Herraiz Hidalgo,H-Ruiz,J (2280) Spain 1992}) 11... Qb6 {[%emt 0:06:40]} 12. a3 {[%emt 0:05:00]} (12. Nf4 $11 {keeps the balance.} Nxf4 13. Bxf4) 12... Bg7 {[%emt 0:01:51]} 13. Nbc3 {[%emt 0:01:03]} O-O {[%emt 0:05:25]} 14. Rd1 {[%emt 0:01:22]} Nxc1 {[%emt 0:02:20]} 15. Raxc1 {[%emt 0:02:35]} Rfb8 {[%emt 0:01:19]} 16. Rb1 {[%emt 0:03:22]} Ng4 {[%emt 0:07:46]} 17. h3 {[%emt 0:08:50]} Ne5 {[%emt 0:01:07]} 18. Kh2 {[%emt 0:00:49]} (18. Nc1 $15) 18... Nc4 {[%emt 0:03:39]} 19. Bf1 {[%emt 0:06:15]} Qb3 {[%emt 0:04:22]} 20. Rdc1 {[%emt 0:05:07]} (20. Qxb3 $17 Rxb3 21. Na4) 20... Nxb2 {[%emt 0:09:39]} 21. Qxb3 {[%emt 0:03:22]} Rxb3 {[%emt 0:01:57]} 22. Rc2 {[%emt 0:02:05]} Bxe2 {[%emt 0:06:05]} ({Less strong is} 22... Rxa3 23. Rcxb2 Bxc3 24. Nxc3 $17) (22... Rab8 $142 23. Nc1 Rxc3 24. Rxc3 Bxf1) 23. Nxe2 {[%emt 0:03:06]} Raxa3 {[%emt 0:01:02]} 24. Nc1 {[%emt 0:04:44]} Rb4 $19 {[%emt 0:00:17]} 25. Bg2 {[%emt 0:01:54]} h5 {[%emt 0:00:45]} 26. h4 {[%emt 0:00:39]} Nd3 {[%emt 0:01:47]} 27. Rxb4 {[%emt 0:01:06]} Nxb4 {[%emt 0:00:12]} 28. Re2 {[%emt 0:00:56]} c4 29. f4 {[%emt 0:06:29]} Ra1 {[%emt 0:05:26]} 0-1

[Event "VII Famalicao Open 2019"]
[Site "Famalicao"]
[Date "2019.07.29"]
[Round "3.13"]
[White "Guimaraes, Alvaro"]
[Black "Carneiro, Gustavo"]
[Result "1-0"]
[WhiteElo "1796"]
[BlackElo "1310"]
[Annotator "NA RC"]
[PlyCount "153"]
[EventDate "2019.07.28"]
[EventType "swiss"]
[EventCountry "POR"]
[SourceTitle "playchess.com"]
[Source "ChessBase"]
[SourceQuality "1"]
[TimeControl "5400+30"]

1. g3 {[%emt 0:01:08]} Nf6 {[%emt 0:00:00]} 2. Bg2 {[%emt 0:00:08]} e6 {[%emt 0:00:29]} 3. e4 {[%emt 0:00:08]} d5 {[%emt 0:01:32]} 4. e5 {[%emt 0:00:27]} Nfd7 {[%emt 0:02:24]} 5. d4 {[%emt 0:00:35]} c5 {[%emt 0:01:37]} 6. c3 {[%emt 0:00:11]} cxd4 {[%emt 0:01:12]} 7. cxd4 {[%emt 0:00:01]} Qa5+ 8. Nc3 {[%emt 0:01:27]} Bb4 {[%emt 0:06:49]} 9. Bd2 {[%emt 0:00:18]} Nc6 {[%emt 0:02:17]} 10. Nf3 {[%emt 0:00:16]} a6 {[%emt 0:05:38]} 11. O-O {[%emt 0:00:16]} O-O {[%emt 0:00:59]} 12. Qc2 Be7 {[%emt 0:02:56]} 13. a3 {[%emt 0:05:04]} Re8 {[%emt 0:05:30]} 14. h4 {[%emt 0:01:46]} Nf8 {[%emt 0:00:50]} 15. Rfd1 {[%emt 0:02:42]} b5 {[%emt 0:04:36]} 16. Nxd5 {[%emt 0:05:50]} Qd8 {[%emt 0:07:18]} 17. Nxe7+ {[%emt 0:00:28]} Nxe7 {[%emt 0:02:24]} 18. Bg5 Bb7 19. Ne1 {[%emt 0:02:51]} Rc8 {[%emt 0:03:18]} 20. Qd2 {[%emt 0:01:04]} Bxg2 {[%emt 0:00:30]} 21. Nxg2 {[%emt 0:00:02]} Qd5 {[%emt 0:02:49]} 22. Nf4 {[%emt 0:00:37]} Qb7 {[%emt 0:06:27]} 23. Nh5 Qf3 24. Nxg7 {[%emt 0:13:00]} Kxg7 {[%emt 0:03:31]} 25. Bf6+ {[%emt 0:00:14]} Kg8 {[%emt 0:01:43]} 26. Qg5+ {[%emt 0:00:14]} Nfg6 {[%emt 0:05:47]} 27. h5 {[%emt 0:00:28]} Rc2 {[%emt 0:01:54]} 28. Rf1 {[%emt 0:00:23]} Nf5 {[%emt 0:01:18]} 29. hxg6 {[%emt 0:01:15]} fxg6 {[%emt 0:01:38]} 30. b4 {[%emt 0:02:30]} Re2 {[%emt 0:02:51]} 31. Qf4 {[%emt 0:01:55]} Qxf4 {[%emt 0:02:41]} 32. gxf4 {[%emt 0:00:02]} Nxd4 {[%emt 0:00:22]} 33. Rfd1 {[%emt 0:00:16]} Nf5 {[%emt 0:02:52]} 34. Kg2 {[%emt 0:01:18]} Ne3+ {[%emt 0:04:50]} 35. Kf3 {[%emt 0:00:01]} Nxd1 {[%emt 0:00:23]} 36. Kxe2 {[%emt 0:00:02]} Nc3+ {[%emt 0:00:12]} 37. Kf3 {[%emt 0:00:27]} Nd5 {[%emt 0:00:42]} 38. Bg5 {[%emt 0:01:00]} Rc8 {[%emt 0:01:15]} 39. Bh6 {[%emt 0:00:39]} Rc3+ {[%emt 0:02:04]} 40. Kg4 {[%emt 0:00:02]} Kf7 {[%emt 0:00:35]} 41. a4 {[%emt 0:00:16]} Nxb4 {[%emt 0:01:55]} 42. axb5 {[%emt 0:00:04]} axb5 {[%emt 0:00:17]} 43. Ra7+ {[%emt 0:00:07]} Kg8 {[%emt 0:00:21]} 44. Rg7+ {[%emt 0:00:31]} Kh8 {[%emt 0:00:34]} 45. Rb7 {[%emt 0:00:38]} Kg8 {[%emt 0:00:25]} 46. Rxb5 {[%emt 0:00:36]} Nd3 {[%emt 0:01:15]} 47. Rb8+ {[%emt 0:00:41]} Kf7 {[%emt 0:00:29]} 48. Rb7+ {[%emt 0:00:02]} Kg8 {[%emt 0:00:26]} 49. Rg7+ {[%emt 0:01:40]} Kh8 {[%emt 0:00:35]} 50. f3 {[%emt 0:01:54]} Nf2+ {[%emt 0:02:50]} 51. Kg3 {[%emt 0:01:47]} Ne4+ {[%emt 0:00:18]} 52. Kh4 {[%emt 0:01:07]} Nf2 {[%emt 0:03:37]} 53. Rf7 {[%emt 0:00:34]} Rc8 {[%emt 0:00:55]} 54. Kg5 {[%emt 0:00:31]} Nd3 {[%emt 0:01:04]} 55. Kf6 {[%emt 0:01:09]} Nc5 {[%emt 0:01:08]} 56. Bf8 {[%emt 0:00:44]} h5 {[%emt 0:03:32]} 57. Kxg6 {[%emt 0:01:02]} Kg8 {[%emt 0:01:12]} 58. Bxc5 {[%emt 0:00:28]} Rxc5 {[%emt 0:00:07]} 59. Re7 {[%emt 0:00:33]} Kf8 {[%emt 0:00:20]} 60. Rxe6 {[%emt 0:01:17]} h4 {[%emt 0:00:11]} 61. Kg5 {[%emt 0:00:36]} h3 {[%emt 0:00:17]} 62. Rh6 {[%emt 0:00:06]} Rc7 {[%emt 0:00:10]} 63. Rxh3 {[%emt 0:00:28]} Rg7+ {[%emt 0:00:02]} 64. Kf5 {[%emt 0:00:37]} Rf7+ {[%emt 0:00:10]} 65. Ke4 {[%emt 0:00:07]} Ke7 {[%emt 0:00:05]} 66. f5 {[%emt 0:00:10]} Rf8 {[%emt 0:00:48]} 67. Rh7+ {[%emt 0:00:14]} Ke8 {[%emt 0:00:01]} 68. Ra7 {[%emt 0:00:30]} Rf7 {[%emt 0:00:49]} 69. Rxf7 {[%emt 0:00:15]} Kxf7 {[%emt 0:00:01]} 70. e6+ {[%emt 0:00:07]} Kf6 {[%emt 0:00:03]} 71. Kd5 {[%emt 0:00:09]} Ke7 72. Ke5 {[%emt 0:00:09]} Ke8 {[%emt 0:01:09]} 73. f6 {[%emt 0:00:30]} Kf8 {[%emt 0:00:06]} 74. e7+ {[%emt 0:00:24]} Kf7 {[%emt 0:00:02]} 75. Kd6 {[%emt 0:00:05]} Ke8 76. f7+ {[%emt 0:00:08]} Kxf7 {[%emt 0:00:07]} 77. Kd7 {[%emt 0:00:08]} 1-0

[Event "VII Famalicao Open 2019"]
[Site "Famalicao"]
[Date "2019.07.29"]
[Round "3.14"]
[White "Branco, Ricardo Joao"]
[Black "Filipe, Guilherme Castro"]
[Result "1/2-1/2"]
[WhiteElo "1864"]
[BlackElo "1208"]
[Annotator "NA RC"]
[PlyCount "79"]
[EventDate "2019.07.28"]
[EventType "swiss"]
[EventCountry "POR"]
[SourceTitle "playchess.com"]
[Source "ChessBase"]
[SourceQuality "1"]
[TimeControl "5400+30"]

1. d4 {[%emt 0:00:51]} d5 {[%emt 0:00:00]} 2. c4 {[%emt 0:00:06]} e6 {[%emt 0:00:20]} 3. Nc3 Be7 {[%emt 0:00:41]} 4. Nf3 {[%emt 0:00:26]} Nf6 {[%emt 0:00:21]} 5. Bf4 {[%emt 0:00:55]} O-O {[%emt 0:01:10]} 6. e3 {[%emt 0:00:08]} Nbd7 {[%emt 0:00:50]} 7. h3 dxc4 {[%emt 0:06:36] D37: Queen's Gambit Declined: 5 Bf4} 8. Bxc4 {[%emt 0:01:12]} c5 {[%emt 0:03:01]} 9. O-O {[%emt 0:08:11]} Nb6 $146 {[%emt 0:12:31]} (9... cxd4 $11 10. Qxd4 (10. exd4 Nb6 $11) 10... Nb6) ({Predecessor:} 9... a6 10. a4 cxd4 11. Qxd4 b6 12. Rfd1 Bb7 13. Ne5 Bc5 14. Qd3 Nxe5 15. Bxe5 {½-½ (47) Kretchetov,A (2343)-Hess,R (2624) Los Angeles 2012}) 10. Bb3 {[%emt 0:09:19]} Nbd5 {[%emt 0:05:35]} 11. Bh2 {[%emt 0:12:09]} cxd4 {[%emt 0:07:55]} 12. Nxd5 {[%emt 0:06:24]} Nxd5 {[%emt 0:00:48]} 13. e4 Nf6 {[%emt 0:01:31]} 14. e5 {[%emt 0:02:31]} Nd5 {[%emt 0:01:03]} 15. Nxd4 {[%emt 0:00:48]} Bc5 {[%emt 0:05:21]} 16. Rc1 {[%emt 0:07:38]} b6 {[%emt 0:11:39]} 17. Rxc5 $2 {[%emt 0:08:42]} (17. Nf5 $11) 17... bxc5 {[%emt 0:00:50]} 18. Nb5 {[%emt 0:00:10]} Ba6 {[%emt 0:00:20]} 19. Bc4 {[%emt 0:03:30]} Bxb5 {[%emt 0:01:31]} 20. Bxb5 {[%emt 0:00:08]} Rb8 {[%emt 0:01:10]} 21. Qe2 {[%emt 0:01:58]} Qb6 {[%emt 0:02:26]} 22. Bd3 {[%emt 0:00:06]} Qxb2 {[%emt 0:01:49]} 23. Qe4 {[%emt 0:00:17]} g6 {[%emt 0:00:40]} 24. Bg3 {[%emt 0:03:56]} Qd4 {[%emt 0:02:05]} 25. Qf3 {[%emt 0:01:50]} c4 {[%emt 0:01:06]} 26. Be4 {[%emt 0:02:31]} h5 27. Rd1 {[%emt 0:00:30]} Qc3 $11 {[%emt 0:02:11]} (27... Qc5 $19 28. Bxd5 exd5) 28. Bxd5 {[%emt 0:01:26]} Qxf3 {[%emt 0:00:14]} 29. Bxf3 {[%emt 0:09:53]} Rb2 {[%emt 0:02:28]} 30. Rd7 {[%emt 0:00:09]} Rxa2 31. Rc7 {[%emt 0:00:37]} Ra4 {[%emt 0:03:59]} 32. Bh4 {[%emt 0:00:51]} c3 {[%emt 0:04:20]} 33. Bf6 {[%emt 0:00:30]} a5 {[%emt 0:00:30]} 34. Rxc3 {[%emt 0:02:40]} Ra1+ {[%emt 0:01:24]} 35. Kh2 {[%emt 0:00:30]} Rb1 {[%emt 0:00:30]} 36. Rc7 {[%emt 0:02:17]} a4 {[%emt 0:02:02]} 37. Ra7 {[%emt 0:00:50]} Ra1 {[%emt 0:00:52]} 38. Be4 {[%emt 0:07:04]} a3 {[%emt 0:01:47]} 39. Be7 {[%emt 0:01:19]} Rb8 {[%emt 0:00:41]} 40. Rxa3 1/2-1/2

[Event "VII Famalicao Open 2019"]
[Site "Famalicao"]
[Date "2019.07.30"]
[Round "4.1"]
[White "Grigoryan, Karen H."]
[Black "Damaso, Rui"]
[Result "1-0"]
[WhiteElo "2549"]
[BlackElo "2425"]
[Annotator "TA"]
[PlyCount "119"]
[EventDate "2019.07.28"]
[EventType "swiss"]
[EventCountry "POR"]
[SourceTitle "playchess.com"]
[Source "ChessBase"]
[SourceQuality "1"]

{[%evp 27,119,0,0,0,0,0,12,1,4,0,0,0,0,0,0,0,0,0,0,-7,0,-14,0,0,0,0,0,0,11,0,0,0,0,0,20,7,23,14,23,0,0,-8,14,-21,0,0,0,0,13,0,0,0,0,0,61,54,52,8,9,27,10,0,0,-32,-31,-22,0,0,0,0,0,-39,12,4,22,26,68,74,52,45,351,302,513,510,591,581,1282,1274,29973,29972,29969,29969,7100,6170]} 1. e4 c5 2. Nf3 Nc6 3. d4 cxd4 4. Nxd4 g6 5. Nc3 Bg7 6. Be3 Nf6 7. Bc4 Qa5 8. O-O O-O 9. Bb3 d6 10. h3 Bd7 11. f4 Nxd4 12. Bxd4 Bc6 13. Qd3 Nd7 14. Bxg7 Kxg7 15. Qd4+ {B35: Sicilian: Accelerated Dragon with 5 Nc3: main line} (15. Nd5 Qc5+ 16. Kh1 e6 17. Nc3 Nf6 18. Rad1 Rad8 19. f5 Qe5 20. Rde1 b5 21. Nd5 Nh5 22. Re3 a5 {1-0 (53) Morozevich,A (2760)-Carlsen,M (2864) Moscow 2013}) 15... f6 16. Kh1 Rae8 $146 ({Predecessor:} 16... Qc5 17. Qd2 Qh5 18. Rae1 Nc5 19. Nd5 Rae8 20. c4 e6 21. Bd1 Qh4 22. Nc3 f5 {1-0 (32) Smith,T (2091)-De Reymaeker,W (2028) Maastricht 2010}) 17. Rad1 {The position is equal.} Qb6 18. Qxb6 Nxb6 19. Nd5 Nxd5 20. exd5 Bd7 21. Rfe1 Kf7 22. Re3 Rc8 23. Rde1 Rfe8 24. g4 b5 25. c3 Rc5 26. Kh2 a6 27. Kg3 Kf8 28. Kf2 Bc8 29. a3 Bb7 30. Rd1 Rb8 31. Rd4 Bc8 32. Ba2 Rc7 33. Ke2 Bd7 34. Kd2 Be8 35. b4 Ra8 36. Kc2 a5 37. Kb2 Rca7 38. Bb3 axb4 39. axb4 Ra1 40. Rde4 Rf1 ({Black should play} 40... R1a7 $11) 41. Rxe7 $14 Rxf4 42. Re2 ({But not} 42. Rxh7 Bf7 $15) 42... Rc8 43. Bc2 Rf3 44. Rxh7 Rfxc3 45. h4 Bf7 {White must now prevent ...Kg8.} 46. Rh8+ Kg7 47. Rxc8 Rxc8 $11 {[%mdl 4096] Endgame KRB-KRB} 48. Bd3 Bxd5 49. Re7+ (49. Rc2 $5 {[%cal Rc2c8]} Ra8 50. Rc7+ Kh6 51. Rd7 $11) 49... Kf8 (49... Kh6 $1 $15) 50. Rd7 Bc6 51. Rh7 {[#] Threatens to win with Rh8+.} Re8 52. Bxg6 Re2+ 53. Kc3 {Strongly threatening Rf7+.} Be4 $2 {[%mdl 8192]} (53... Kg8 $14) 54. Rf7+ $18 Kg8 $2 {[#]} (54... Ke8 {was worth a try.}) 55. Rxf6 Kg7 56. Re6 Rc2+ 57. Kb3 Bd5+ 58. Kxc2 Bxe6 59. Bf5 Bc4 60. g5 {Accuracy: White = 55%, Black = 34%.} 1-0

[Event "VII Famalicao Open 2019"]
[Site "Famalicao"]
[Date "2019.07.31"]
[Round "4.2"]
[White "Campora, Daniel H."]
[Black "Martinez Duany, Lelys Stanley"]
[Result "1/2-1/2"]
[WhiteElo "2420"]
[BlackElo "2535"]
[Annotator "TA"]
[PlyCount "254"]
[EventDate "2019.07.28"]
[EventType "swiss"]
[EventCountry "POR"]
[SourceTitle "playchess.com"]
[Source "ChessBase"]
[SourceQuality "1"]

{[%evp 18,254,45,36,66,31,34,37,36,40,43,36,33,31,34,20,52,50,56,54,63,47,48,35,49,33,45,20,30,36,68,80,56,55,53,97,95,91,99,41,25,24,24,30,100,31,100,0,0,0,0,0,0,0,0,0,0,0,0,0,0,0,0,0,0,0,0,0,0,0,0,0,0,0,0,0,0,0,0,0,0,0,0,0,0,0,0,0,6,9,25,17,21,14,24,27,43,0,0,0,8,8,8,8,51,0,22,3,4,-25,0,0,0,0,0,0,0,0,0,0,0,0,212,224,237,236,218,213,191,20,452,331,449,210,246,239,244,243,217,217,231,218,248,224,231,231,239,267,232,232,243,207,320,283,334,331,286,234,405,405,405,405,405,404,396,386,360,287,287,72,72,0,71,71,72,72,72,71,71,71,71,71,71,71,71,71,71,71,71,71,71,71,72,72,72,72,72,72,72,72,72,72,72,72,72,72,72,72,72,72,72,72,72,72,72,72,72,72,72,72,72,72,72,72,72,72,72,72,72,72,72,72,72,72,72,72,72,72,72]} 1. e4 c5 2. Nf3 g6 3. d4 cxd4 4. Nxd4 Bg7 5. c4 Nc6 6. Be3 Nf6 7. Nc3 O-O 8. Be2 d6 9. O-O Bd7 10. h3 Re8 {B38: Sicilian: Maroczy Bind with 5...Bg7 and 7...0-0} (10... Nxd4 11. Bxd4 Bc6 12. Qc2 a5 13. Rad1 Nd7 14. Bxg7 Kxg7 15. Bg4 Ne5 16. c5 Nxg4 17. hxg4 Qc8 18. cxd6 Qxg4 19. dxe7 Rfe8 {1-0 (43) Cheparinov,I (2711)-Amin,B (2709) Zagreb 2018}) 11. Rc1 Nxd4 12. Bxd4 Bh6 $146 {White is slightly better.} ({Predecessor:} 12... Bc6 13. Qd3 Qa5 14. Be3 Nd7 15. f3 Nc5 16. Qb1 Na4 17. Nxa4 Qxa4 18. b4 Bd7 {½-½ (33) Jacutina,J (2045)-Punzalan,M (2075) Manila 2014}) 13. Rc2 Bc6 14. Bxf6 exf6 15. Qd3 Qe7 {[%cal Rc6e4]} 16. Rd1 Rad8 {[%cal Rc6e4]} 17. Bf3 $1 Qe5 18. g3 Qc5 19. Kg2 Bg7 20. Nd5 a5 21. b3 Re5 22. Qd4 Rde8 23. Rcd2 f5 {[%cal Rf5e4]} 24. Qxc5 dxc5 25. exf5 Rxf5 26. g4 Rfe5 27. Nc7 $1 Rf8 28. Rd8 ({White should play} 28. Bxc6 $16 bxc6 29. Kf3) 28... Re2 $14 29. Rxf8+ Bxf8 30. a4 Rb2 (30... Bxf3+ $11 {remains equal.} 31. Kxf3 Rb2) 31. Rd3 (31. Bxc6 $16 {Hoping for Be4.} bxc6 32. Rd3) 31... Be7 (31... Bxf3+ $1 $14 32. Rxf3 (32. Kxf3 Bg7 $11) 32... Bg7) 32. Bd5 (32. Bxc6 $16 bxc6 33. Na6) 32... Bh4 $11 33. Rf3 Bxd5 $1 34. Nxd5 {[%mdl 4096] Endgame KRB-KRN} Kf8 35. Kf1 h6 36. Nf4 Kg7 37. Ne2 Rb1+ 38. Kg2 Re1 39. Nf4 Rb1 40. Ne2 Rb2 41. Kf1 Bg5 42. Rd3 Kf8 43. Rf3 Ke7 44. Nc3 Ke6 45. Ne4 Be7 46. Re3 {And now Nxc5+ would win.} Kd7 47. Rd3+ Ke8 48. Re3 Kf8 49. Rf3 b6 50. Ke1 Kg7 51. Kd1 Rb1+ 52. Kc2 Rh1 53. Nc3 Bf6 54. Nd5 Bd4 55. Kd2 f6 56. Nxb6 Kf7 57. Nd5 Rb1 58. Nf4 Rb2+ 59. Ke1 Rb1+ 60. Ke2 g5 61. Nd3 (61. Nd5 $14) 61... Kg6 62. Kd2 h5 63. Kc2 hxg4 64. Rg3 $1 Ra1 65. hxg4 Bxf2 66. Rf3 Bd4 67. Nc1 $1 Kf7 68. Rf5 Be3 69. Ne2 $1 Ra2+ $2 (69... Rh1 $11 {and Black is okay.}) 70. Kd3 $18 Bd2 71. Rxc5 Bb4 72. Rc7+ Kg6 73. c5 $2 (73. Nd4 $18) 73... Rb2 $2 {[%mdl 8192]} (73... Rd2+ $11 74. Ke3 Rd5) 74. c6 Rxb3+ 75. Ke4 (75. Kc4 $142 Bd6 76. Rb7) 75... Bd6 76. Rb7 Ra3 77. Kd5 Rd3+ 78. Kc4 $1 {[%cal Rc4d3]} Re3 79. Nd4 {Strongly threatening Nf5.} Re4 80. c7 Bxc7 81. Rxc7 Rxg4 {KRN-KR} 82. Rc5 Rg1 83. Rxa5 {Threatens to win with Ra8.} g4 84. Kd3 Ra1 (84... Rf1 {might work better.} 85. Ke2 Rb1) 85. Ke3 Rf1 {[#] Now ...g3 and Black clings on.} 86. Nf5 $1 Rf3+ (86... Rxf5 87. Rxf5 Kxf5 88. a5 Kg5 89. a6 g3 90. a7 Kf5 91. a8=Q) 87. Ke4 {Intending Nh4+ and mate.} Rb3 $2 (87... Rf2 88. Nh4+ Kh6) 88. Kf4 Rb4+ 89. Kg3 Re4 90. Nh4+ Kf7 91. Ra6 Ke7 92. Nf5+ Kd7 {[#]} 93. Nh6 $2 (93. a5 $1 $18 {is the precise move to win.}) 93... Kc7 $16 94. Nf5 (94. Nxg4 $16 Kb7 95. Rxf6 (95. Nxf6 Re3+ 96. Kf4 Kxa6 $11)) 94... Kb7 (94... Kd7 $1 $11 {keeps the balance.} 95. a5 Re5 96. Ra7+ (96. Kxg4 Kc7 $14) 96... Ke6) 95. Ra5 {White threatens Nd6+ and mate.White is better.} Rb4 96. Nd6+ Kc6 97. Nc8 f5 98. Ne7+ Kb6 99. Rxf5 {Nd5+ is the strong threat.} Rxa4 100. Nd5+ Kc6 101. Nf6 Ra1 102. Nxg4 Rg1+ 103. Kh4 Kb6 104. Kg5 Ka6 105. Rc5 Rf1 106. Ne3 Rh1 107. Kf4 Rh4+ 108. Ke5 Kb6 109. Rc2 Kb5 110. Nf5 Rh5 111. Ke4 Rg5 112. Nd4+ Kb6 113. Rb2+ Ka6 114. Ne6 Rh5 115. Kd4 Ka5 116. Nc7 Ka4 117. Nd5 Rh4+ 118. Kc5 Ka3 119. Rb7 Rh5 120. Kd4 Rh4+ 121. Kd3 Ka4 122. Kc3 Ka5 123. Nb4 Rg4 124. Rb8 Rh4 125. Nc6+ Ka6 126. Nd4 Rg4 127. Kc4 Rh4 {Accuracy: White = 71%, Black = 62%.} 1/2-1/2

[Event "VII Famalicao Open 2019"]
[Site "Famalicao"]
[Date "2019.07.30"]
[Round "4.3"]
[White "Galego, Luis"]
[Black "Cori T., Deysi"]
[Result "0-1"]
[WhiteElo "2513"]
[BlackElo "2405"]
[Annotator "TA"]
[PlyCount "61"]
[EventDate "2019.07.28"]
[EventType "swiss"]
[EventCountry "POR"]
[SourceTitle "playchess.com"]
[Source "ChessBase"]
[SourceQuality "1"]

{[%evp 11,61,12,66,85,82,80,102,102,114,66,104,112,116,105,117,103,146,131,111,96,108,12,16,0,0,0,0,-54,0,0,0,0,0,-33,-46,-40,-23,-67,-50,-50,-52,-78,-87,-81,-77,-127,-119,-204,-199,-196,-69,-209]} 1. e4 c5 2. Nf3 e6 3. Nc3 a6 4. g3 b5 5. Bg2 Bb7 6. d3 Nf6 (6... Be7 $11) 7. e5 $14 {B40: Sicilian: 2...e6, Unusual lines} (7. O-O d5 8. Bg5 d4 9. Ne2 Be7 10. b4 cxb4 11. Nfxd4 O-O 12. h3 Nbd7 13. Be3 Qc7 14. f4 Bc5 {0-1 (22) Glek,I (2444)-Gordievsky,D (2615) Moscow 2018}) 7... Ng4 $146 {Black wants to play ...Nxe5!} ({Predecessor:} 7... Nd5 8. Ne4 f5 9. exf6 Nxf6 10. O-O Be7 11. Re1 O-O 12. Bf4 Qb6 13. Ne5 Nxe4 14. dxe4 d6 {½-½ (53) Boidman,Y (2339)-Makolli,P (2204) Skopje 2015}) 8. O-O Qc7 9. Re1 {White is better.} h5 10. Bf4 Be7 11. h3 Nh6 12. a4 b4 13. Ne4 Nc6 14. c3 Nf5 15. Rc1 Rb8 16. cxb4 (16. Nfd2 $16) 16... Nxb4 $11 17. g4 hxg4 18. hxg4 Nd5 19. Bh2 (19. Bd2 $11 Nh6 20. d4) 19... Nh4 ({Better is} 19... Nd4 $1 $15) 20. Nxh4 Rxh4 21. Bg3 Rh8 22. Re2 Qb6 23. Rc4 Bc6 24. d4 cxd4 25. Rxd4 Qb3 26. Qc1 Rb4 ({But not} 26... Bxa4 27. Nf6+ gxf6 28. Bxd5 $11) 27. Rxb4 Nxb4 28. Re3 Qxa4 29. Nd6+ (29. Ra3 $17 Qb5 30. Qf1) 29... Bxd6 $1 $19 30. exd6 {[#]} Qb5 ({Black should try} 30... f6 $1 $19 {Threatens to win with ...Kf7.} 31. b3 Qb5) 31. Rc3 {Accuracy: White = 33%, Black = 50%.} (31. Re5 $15 Qd3 32. Re3) 0-1